00234nam a2200085Ia 4500008004100000100001400041245003700055260004700092300000900139190216s9999||||xx |||||||||||||| ||und|| aSaxena Hc 0aProbability And Its Applications bPublications Division Govt. Of Indiac1980 a121p